000 00518nam a2200193Ia 4500
005 20250326130924.0
008 250326s9999 xx 000 0 und d
020 _a0-675-20305-8
037 _aTextbook
040 _aFMSL
_beng
_cFMSL
041 _aeng
_2eng
084 _aX:51 M6
_qFMSL
100 _aKatzenstein H
_9741742
245 0 _aDirect Marketing
_cKatzenstein H; Sachs W S
260 _aLondon
_bLondon, Merril
_c1986
300 _a466p
942 _cTB
_hX:51 M6
999 _c1284707
_d1284707